Online
Catalog

México es cultura. (Record no. 28782)

MARC details
000 -CABECERA
campo de control de longitud fija 00660nam a2200181 a 4500
001 - NÚMERO DE CONTROL
campo de control 000029290
005 - FECHA Y HORA DE LA ÚLTIMA TRANSACCIÓN
campo de control 20200930055443.0
008 - DATOS DE LONGITUD FIJA--INFORMACIÓN GENERAL
campo de control de longitud fija 090701s2010 dr ac 000 0 spa d
040 ## - FUENTE DE LA CATALOGACIÓN
Centro catalogador/agencia de origen DO-SdBNP
Lengua de catalogación spa
Centro/agencia transcriptor BNPHU
082 ## - NÚMERO DE LA CLASIFICACIÓN DECIMAL DEWEY
Número de clasificación xxxx
Número de documento/Ítem F356
049 ## - FONDOS LOCALES (OCLC)
Fondos de biblioteca BNPD
111 2# - ENTRADA PRINCIPAL--NOMBRE DE CONGRESO/REUNIÓN
Nombre de congreso/reunión o jurisdicción como elemento de entrada Feria Internacional del Libro
Número del congreso/reunión o número de parte o sección (13a
Fecha del congreso/reunión 2010, 21 abr - 9 may :
Sede del congreso/Lugar de la reunión Santo Domingo)
9 (RLIN) 56175
245 10 - MENCIÓN DE TÍTULO
Título México es cultura.
260 ## - PUBLICACIÓN, DISTRIBUCIÓN, ETC.
Lugar de publicación, distribución, etc. México :
Nombre del editor, distribuidor, etc. Dirección de Publicaciones del Consejo Nacional para la Cultura y las Artes, (CONACULTA),
Fecha de publicación, distribución, etc. 2010.
Lugar de fabricación/manufactura Santo Domingo
300 ## - DESCRIPCIÓN FÍSICA
Extensión 64 p. :
Otras características físicas il., retr. ;
Dimensiones 22 cm.
500 ## - NOTA GENERAL
Nota general Título tomado de la cubierta
500 ## - NOTA GENERAL
Nota general México: país invitado de honor
Holdings
Estado de retiro Estado de pérdida No para préstamo Código de colección Localización permanente Ubicación/localización actual Ubicación en estantería Fecha de adquisición Número de inventario Total de préstamos Signatura topográfica completa Código de barras Fecha visto por última vez Precio válido a partir de Tipo de ítem Koha
    Excluido de préstamo Patrimonio Dominicano Patrimonio Dominicano Patrimonio Dominicano En catalogación 14.04.2011 LF1   xxxx F356 29290-10 25.06.2020 25.06.2020 Libro y Folleto Colección Patrimonio Dominicano

Powered by Koha